00679 2200277 4500001002100000005001500021007000300036008004100039020002200080035002000102082000800122084001400130100001800144245006300162260003600225300003700261650002300298990001000321990001000331990001000341990001000351990001000361990001000371990001000381990001000391INLIS00000000000950020190916105731ta190916 g i ind  a978-602-1318-63-8 a0010-0919000186 a808 a808 RUS m0 aRusdi Mathari1 aMereka Sibuk Menghitung Langkah Ayam :bSehimpun Reportase aYogyakarta :bBuku Mojok,c2018 avii+215 hlm :bilus. ;c14x21 cm akumpulan reportase a53668 a53669 a53670 a53671 a53672 a53673 a53674 a53675